000 16993cam a2203157 a 4500
001 14834101
003 LIBRIS
005 20200910141006.0
008 131128s2014 sw |||||||||||000 0|swe|d
020 _a9789144094557
035 _a(BOKR)9789144094557
040 _aBOKR
_dS
_dLhel
_ea
041 _aswe
060 4 _aW 84
082 0 4 _a362.1068
_223/swe
084 _aVpb
_2kssb/8
084 _aVpb
_2kssb/8
100 1 _aRosengren, Kristina,
_d1963-
_4aut
_0https://libris.kb.se/xv8ck44g55ktv43#it
245 1 0 _aVårdledarskap :
_batt utveckla och förbättra framtidens vård och omsorg /
_cKristina Rosengren.
250 _a1. uppl.
264 1 _aLund :
_bStudentlitteratur,
_c2014
264 3 _aDanmark
300 _a344 s.
_c23 cm
650 7 _aLedarskap
_0https://id.kb.se/term/sao/Ledarskap
_2sao
650 7 _aHälso- och sjukvård
_0https://id.kb.se/term/sao/H%C3%A4lso-%20och%20sjukv%C3%A5rd
_2sao
650 7 _aSjukvårdsadministration
_0https://id.kb.se/term/sao/Sjukv%C3%A5rdsadministration
_2sao
650 7 _aOrganisationsförändringar
_0https://id.kb.se/term/sao/Organisationsf%C3%B6r%C3%A4ndringar
_2sao
650 7 _aFörbättringsarbete
_2sao
650 2 _aLeadership
650 2 _aHealth Services
650 2 _aHealth Services Administration
650 2 _aOrganizational Innovation
650 0 _aMedical care
650 0 _aHospital care
650 0 _aLeadership
650 0 _aOrganizational change
651 7 _aSverige
_0https://libris.kb.se/97mppvdt327j8rx#it
_2sao
653 _aHälso- och sjukvård
653 _aLedarskap
653 _aOrganisationsförändringar
887 _a{"@id":"p7150fc115df5jh","modified":"2020-06-04T11:34:08.608+02:00","checksum":"404720402839"}
_2librisxl
887 _a{"@id":"sx4xlflz49n44s3","modified":"2015-03-30T18:56:31+02:00","checksum":"104966951906"}
_2librisxl
887 _a{"@id":"5gqk0zs53tlsvwlz","modified":"2019-08-28T11:16:30.968+02:00","checksum":"124658463288"}
_2librisxl
887 _a{"@id":"z391q3w40k1ghcg","modified":"2016-01-20T12:03:15+01:00","checksum":"109314956190"}
_2librisxl
887 _a{"@id":"5hcw89vj3l976rkx","modified":"2020-02-07T08:10:33.102+01:00","checksum":"130586710207"}
_2librisxl
887 _a{"@id":"15d788w60r82t45","modified":"2015-08-21T10:41:32+02:00","checksum":"102497946530"}
_2librisxl
887 _a{"@id":"v06rb2014m6nkxj","modified":"2020-03-27T12:31:11.704+01:00","checksum":"116045010160"}
_2librisxl
887 _a{"@id":"w17wq9721sxll6h","modified":"2014-06-11T17:33:59+02:00","checksum":"131300277144"}
_2librisxl
887 _a{"@id":"djqbq8dk4rmb023","modified":"2014-02-06T16:00:37+01:00","checksum":"110048566365"}
_2librisxl
887 _a{"@id":"qv3wzqpw0ckwk18","modified":"2015-05-05T13:50:49+02:00","checksum":"105052205096"}
_2librisxl
887 _a{"@id":"x28txvh319hg99m","modified":"2014-01-22T11:07:41+01:00","checksum":"127561789123"}
_2librisxl
887 _a{"@id":"v0601r4128j99tx","modified":"2015-02-06T17:39:12+01:00","checksum":"127560413565"}
_2librisxl
887 _a{"@id":"15cxqfn62hvcxxc","modified":"2020-01-13T12:01:41.897+01:00","checksum":"117128276567"}
_2librisxl
887 _a{"@id":"9fnjrgng3pzx8tx","modified":"2015-11-27T11:40:50+01:00","checksum":"122896282588"}
_2librisxl
887 _a{"@id":"tz5rlvq00qc5txs","modified":"2014-03-10T10:30:52+01:00","checksum":"129569668080"}
_2librisxl
887 _a{"@id":"bgn8t77h51clwf8","modified":"2014-02-20T16:14:51+01:00","checksum":"93743604581"}
_2librisxl
887 _a{"@id":"v076hks15bkqnlb","modified":"2016-03-23T18:05:17+01:00","checksum":"105032118567"}
_2librisxl
887 _a{"@id":"djqb5xtk1fbb8q3","modified":"2014-03-05T10:57:05+01:00","checksum":"104475044169"}
_2librisxl
887 _a{"@id":"9fm7xhfg583xtpc","modified":"2018-09-27T15:35:05.677+02:00","checksum":"91779874181"}
_2librisxl
887 _a{"@id":"fkrcr7rl286nq0q","modified":"2020-09-08T16:35:01.621+02:00","checksum":"106033642164"}
_2librisxl
887 _a{"@id":"fppzz2lscx5kb827","modified":"2018-10-04T10:42:33.708+02:00","checksum":"119673070079"}
_2librisxl
887 _a{"@id":"ns1xmlpt3bxfcks","modified":"2016-01-21T12:04:15+01:00","checksum":"101170051640"}
_2librisxl
887 _a{"@id":"lqxh4vtr26z9gll","modified":"2020-02-26T14:06:16.674+01:00","checksum":"105753696800"}
_2librisxl
887 _a{"@id":"0b5f945pxxzvz34f","modified":"2020-01-27T10:16:19.023+01:00","checksum":"123081154912"}
_2librisxl
887 _a{"@id":"1b18gm80znc9jzkg","modified":"2019-04-05T12:16:38.169+02:00","checksum":"126161838554"}
_2librisxl
887 _a{"@id":"bgn7tvjh3mxp25b","modified":"2018-03-27T13:34:44+02:00","checksum":"100182444853"}
_2librisxl
887 _a{"@id":"rw4h51rx0lpjllh","modified":"2019-08-30T17:16:30.427+02:00","checksum":"129676284886"}
_2librisxl
887 _a{"@id":"z39wkg1431p5f7k","modified":"2020-02-25T12:48:52.842+01:00","checksum":"103650967620"}
_2librisxl
887 _a{"@id":"lqxjdmzr449qcr0","modified":"2014-03-11T09:31:45+01:00","checksum":"126904800311"}
_2librisxl
887 _a{"@id":"jnvfh1vp584nq0b","modified":"2014-01-21T11:50:25+01:00","checksum":"110946859030"}
_2librisxl
887 _a{"@id":"26dzkvf74bjvl19","modified":"2014-03-20T12:24:27+01:00","checksum":"128515134997"}
_2librisxl
887 _a{"@id":"15czvh462q42ct1","modified":"2020-05-28T14:15:49.222+02:00","checksum":"107912883932"}
_2librisxl
887 _a{"@id":"tz6h92m00228x71","modified":"2017-09-05T18:14:05+02:00","checksum":"102251796901"}
_2librisxl
887 _a{"@id":"59h2thcb51q2g79","modified":"2017-06-28T08:59:50+02:00","checksum":"133929729049"}
_2librisxl
887 _a{"@id":"gltndd4m4vgm3m6","modified":"2015-10-09T12:07:09+02:00","checksum":"101789627377"}
_2librisxl
887 _a{"@id":"sx4rvn0z30h83nn","modified":"2014-04-30T16:41:22+02:00","checksum":"123822981774"}
_2librisxl
887 _a{"@id":"7ck68wnd1qzvcqj","modified":"2014-05-14T15:55:21+02:00","checksum":"124839641991"}
_2librisxl
887 _a{"@id":"w17sxrp203hzwff","modified":"2017-10-24T15:55:49+02:00","checksum":"109289065897"}
_2librisxl
887 _a{"@id":"qv2nmkpw5b94gn6","modified":"2017-10-23T15:34:03+02:00","checksum":"108423686753"}
_2librisxl
887 _a{"@id":"3df9hkcj1ndlvt8s","modified":"2019-06-28T14:16:21.464+02:00","checksum":"120769432234"}
_2librisxl
887 _a{"@id":"v06vbgj12zw4b9s","modified":"2018-01-11T09:47:23+01:00","checksum":"102546336296"}
_2librisxl
887 _a{"@id":"x28xdjk30sgnbsz","modified":"2018-01-04T18:49:25+01:00","checksum":"109317852877"}
_2librisxl
887 _a{"@id":"tz5twr103gtzxvb","modified":"2016-12-15T14:56:48+01:00","checksum":"104558968940"}
_2librisxl
887 _a{"@id":"9fm675jg01033c8","modified":"2014-12-04T16:23:31+01:00","checksum":"127795048858"}
_2librisxl
887 _a{"@id":"chp9jnjj31pk5sx","modified":"2016-10-17T15:06:06+02:00","checksum":"100405072774"}
_2librisxl
887 _a{"@id":"jnvgh6rp1k5kjcx","modified":"2014-03-14T14:47:40+01:00","checksum":"127384125558"}
_2librisxl
887 _a{"@id":"v076vjz12mw27k9","modified":"2020-05-15T14:17:37+02:00","checksum":"133022048397"}
_2librisxl
887 _a{"@id":"x294b7135drrzwb","modified":"2015-08-31T18:28:08+02:00","checksum":"96580382297"}
_2librisxl
887 _a{"@id":"15c51xq640rchb9","modified":"2017-03-23T12:12:25+01:00","checksum":"125581272260"}
_2librisxl
887 _a{"@id":"rw3nngqx3nc4c7s","modified":"2018-08-24T13:53:46.92+02:00","checksum":"106083675519"}
_2librisxl
887 _a{"@id":"blwm7wf484j1gnt2","modified":"2019-12-02T13:02:49.775+01:00","checksum":"120811167458"}
_2librisxl
887 _a{"@id":"8dl6p68f431sdm8","modified":"2020-01-28T12:33:31.731+01:00","checksum":"110146230693"}
_2librisxl
887 _a{"@id":"mzvvrd7bkf11p5w8","modified":"2020-02-11T13:47:33.735+01:00","checksum":"127627169717"}
887 _a{"@id":"26fhf6v723hl8jm","modified":"2016-08-23T14:02:16+02:00","checksum":"134628403990"}
_2librisxl
887 _a{"@id":"chp9rwkj1xwwnbq","modified":"2018-10-22T14:54:00.613+02:00","checksum":"99011204652"}
_2librisxl
887 _a{"@id":"djq9wpjk0w3wrgq","modified":"2013-12-18T16:59:01+01:00","checksum":"108447018107"}
_2librisxl
887 _a{"@id":"26dzl5z75f4rr3r","modified":"2014-01-20T14:24:21+01:00","checksum":"127094113296"}
_2librisxl
887 _a{"@id":"chpbzkwj2twwzh4","modified":"2014-04-30T08:13:15+02:00","checksum":"109860010029"}
_2librisxl
887 _a{"@id":"26dzk2t73nk7wxg","modified":"2013-12-18T10:20:22+01:00","checksum":"103085894535"}
_2librisxl
887 _a{"@id":"v06sc7w101xcwf1","modified":"2014-02-19T16:37:29+01:00","checksum":"121544093395"}
_2librisxl
887 _a{"@id":"26d6vzl74xdpllj","modified":"2015-03-31T16:50:29+02:00","checksum":"93240504883"}
_2librisxl
887 _a{"@id":"x7jxphjpv49vwpdv","modified":"2019-09-02T12:16:21.781+02:00","checksum":"127114011097"}
_2librisxl
887 _a{"@id":"tz5qktx05ljc6rd","modified":"2014-01-14T13:36:16+01:00","checksum":"118159981264"}
_2librisxl
887 _a{"@id":"lqxj84br0twggnd","modified":"2014-02-28T14:21:34+01:00","checksum":"124745796673"}
_2librisxl
887 _a{"@id":"3ctvjpfl16bp1wsl","modified":"2019-02-01T11:16:41.317+01:00","checksum":"114091502813"}
_2librisxl
887 _a{"@id":"lv17rf57jcs6rxq1","modified":"2018-11-16T08:01:56.754+01:00","checksum":"122283491786"}
_2librisxl
887 _a{"@id":"hmtdzcxn19mdscb","modified":"2013-12-09T14:37:43+01:00","checksum":"133889029758"}
_2librisxl
887 _a{"@id":"gq8jqg8td7ppsrn5","modified":"2019-02-12T09:16:17.813+01:00","checksum":"121036176683"}
_2librisxl
887 _a{"@id":"mwc5n0pwkv2m8cp3","modified":"2019-01-30T09:16:24.924+01:00","checksum":"123482998671"}
_2librisxl
887 _a{"@id":"tz67xb103ptvmqw","modified":"2016-09-06T15:01:02+02:00","checksum":"120967089178"}
_2librisxl
942 _2z
_cBOOK
951 s _6651
_aKonungariket Sverige
999 _c53092